Proceedings of the installation of the second Chancellor of the university and the second graduation ceremonies, 24th April, 1993 (Record no. 77206)
[ view plain ]
| 000 -LEADER | |
|---|---|
| fixed length control field | 00679nam a2200181 a 4500 |
| 005 - DATE AND TIME OF LATEST TRANSACTION | |
| control field | 20231212103500.0 |
| 008 - FIXED-LENGTH DATA ELEMENTS--GENERAL INFORMATION | |
| fixed length control field | 220420s1993 ||||||||||||||||| || u |
| 040 ## - CATALOGING SOURCE | |
| Original cataloging agency | Makerere classification system |
| Transcribing agency | cbuLib |
| Modifying agency | cbuLib |
| Description conventions | rda |
| 050 ## - LIBRARY OF CONGRESS CALL NUMBER | |
| Classification number | CBU(02)1993/3 |
| 110 ## - MAIN ENTRY--CORPORATE NAME | |
| Corporate name or jurisdiction name as entry element | Copperbelt University |
| 245 10 - TITLE STATEMENT | |
| Title | Proceedings of the installation of the second Chancellor of the university and the second graduation ceremonies, 24th April, 1993 |
| Statement of responsibility, etc. | /by The Copperbelt University |
| 260 ## - PUBLICATION, DISTRIBUTION, ETC. | |
| Place of publication, distribution, etc. | Kitwe |
| Name of publisher, distributor, etc. | Copperbelt University |
| Date of publication, distribution, etc. | 1993 |
| 300 ## - PHYSICAL DESCRIPTION | |
| Extent | iv, 33 pages : illustrations |
| 504 ## - BIBLIOGRAPHY, ETC. NOTE | |
| Linkage | includes Bibliography |
| 650 ## - SUBJECT ADDED ENTRY--TOPICAL TERM | |
| Topical term or geographic name entry element | GRADUATION CEREMONIES |
| 650 ## - SUBJECT ADDED ENTRY--TOPICAL TERM | |
| Topical term or geographic name entry element | GRADUATION SPEECHES |
| 942 ## - ADDED ENTRY ELEMENTS (KOHA) | |
| Koha item type | SPECIAL COLLECTION |
| 999 ## - | |
| -- | 77206 |
| -- | 77206 |
| Withdrawn status | Lost status | Source of classification or shelving scheme | Damaged status | Not for loan | Collection code | Permanent Location | Current Location | Shelving location | Date acquired | Source of acquisition | Full call number | Barcode | Date last seen | Copy number | Price effective from | Koha item type | Total Checkouts |
|---|---|---|---|---|---|---|---|---|---|---|---|---|---|---|---|---|---|
| Special Collections | CBU-MAIN LIBRARY, KITWE. | CBU-MAIN LIBRARY, KITWE. | Special Collections | 04/25/2023 | DP-CBU | CBU(02)1993/3B | B4942 | 04/25/2023 | 1 | 04/25/2023 | SPECIAL COLLECTION | ||||||
| CBU-MAIN LIBRARY, KITWE. | CBU-MAIN LIBRARY, KITWE. | 04/25/2023 | CBU(02)1993/3A | 726245 | 04/25/2023 | 2 | 04/25/2023 | SPECIAL COLLECTION | |||||||||
| CBU-MAIN LIBRARY, KITWE. | CBU-MAIN LIBRARY, KITWE. | 04/25/2023 | CBU(02)1993/3C | B4943 | 04/25/2023 | 3 | 04/25/2023 | SPECIAL COLLECTION |